[Event "Karpos Open 2017"]
[Site "masterchessopen.com Skopje MKD"]
[Date "2017.04.03"]
[Round "4.22"]
[White "Zlatanovic,B"]
[Black "Dorfanis,I"]
[Result "0-1"]
[WhiteElo "2402"]
[BlackElo "2164"]

1.e4 c5 2.g3 d5 3.exd5 Qxd5 4.Nf3 Bg4 5.Bg2 Qe6+ 6.Kf1 Nc6 7.d3 Qd7 8.Be3 e6
9.Nbd2 Rd8 10.h3 Bh5 11.g4 Bg6 12.Nc4 f6 13.Qe2 b6 14.Rd1 Nge7 15.Nh4 Bf7
16.f4 Nd5 17.Nf3 b5 18.Na3 a6 19.Nb1 Bd6 20.f5 O-O 21.fxe6 Qxe6 22.Bc1 Qxe2+
23.Kxe2 Nf4+ 24.Bxf4 Bxf4 25.Nc3 Nb4 26.Ne1 Rfe8+ 27.Be4 f5 28.gxf5 Bh5+
29.Nf3 Nxc2 30.Kf2 Be3+ 31.Kg3 Nd4 32.Rhe1 Bxf3 33.Bxf3 Nxf5+ 34.Kg4 g6 35.Be4
Bf2 36.Bd5+ Kg7 37.Rxe8 Rxe8 38.Kf3 Bd4 39.Be4 Ne3 40.Rh1 Rf8+ 41.Ke2 b4
42.Na4 Ng2 43.Bf3 Nh4 44.Rf1 Nf5 {#R} 0-1

[Event "Karpos Open 2017"]
[Site "masterchessopen.com Skopje MKD"]
[Date "2017.04.03"]
[Round "4.23"]
[White "Rzayev,B"]
[Black "Uzumcu,Ahmet Utku"]
[Result "1-0"]
[WhiteElo "2391"]
[BlackElo "2159"]

1.e4 c5 2.Nf3 d6 3.d4 cxd4 4.Nxd4 Nf6 5.Nc3 a6 6.h3 e6 7.g4 h6 8.Bg2 Be7 9.Be3
Qc7 10.Qe2 Nc6 11.O-O-O Nxd4 12.Bxd4 Bd7 13.f4 e5 14.Be3 exf4 15.Bxf4 O-O
16.g5 hxg5 17.Bxg5 Be6 18.Rhg1 Nh7 19.Bf4 Rfe8 20.e5 dxe5 21.Be3 Qc4 22.Rd3 f5
23.Bd5 Bxd5 24.Nxd5 Bf8 25.Bh6 Qc6 26.Bxg7 Bxg7 27.Rdg3 Qh6+ 28.Kb1 Rad8
29.Rg6 Qh4 30.Rxg7+ Kh8 31.Qg2 Qh5 32.a3 b5 33.Ne7 Rd1+ 34.Rxd1 Qxd1+ 35.Ka2
Qd8 36.Rxh7+ Kxh7 37.Qg6+ {#r} 1-0

[Event "Karpos Open 2017"]
[Site "masterchessopen.com Skopje MKD"]
[Date "2017.04.03"]
[Round "4.24"]
[White "Yazici,Ugur Doga"]
[Black "Nikolic,N MNE"]
[Result "0-1"]
[WhiteElo "2126"]
[BlackElo "2379"]

1.e4 c5 2.Nf3 d6 3.d4 cxd4 4.Nxd4 Nf6 5.Nc3 g6 6.Be2 Bg7 7.O-O O-O 8.Bg5 Nc6
9.Nb3 a6 10.f4 b5 11.Bf3 Bb7 12.Kh1 Nd7 13.Qe2 Re8 14.Rad1 Qc8 15.Bg4 a5 16.e5
f5 17.exf6 exf6 18.Qd2 fxg5 19.Qxd6 Ncb8 20.Bxd7 Nxd7 21.Qxd7 b4 22.Qxc8 Raxc8
23.Nd5 a4 24.Nc1 Rxc2 25.b3 Bb2 26.Nxb4 Rxg2 27.Nd5 Rc2 28.Kg1 Rxc1 29.Rxc1
Bd4+ 30.Kg2 Bxd5+ 31.Kh3 gxf4 32.Rfe1 Be3 33.Rc7 h5 34.bxa4 g5 35.Rd1 Bf3
36.Rd6 Bg4+ 37.Kg2 f3+ 38.Kh1 Bf5 39.Rf6 Be4 40.h4 f2+ 41.Kh2 Bf4+ {#R} 0-1

[Event "Polar Capital Jersey Open"]
[Site "masterchessopen.com St Clement Bay JCI"]
[Date "2017.04.03"]
[Round "3.3"]
[White "Belzo,K"]
[Black "Speelman,J"]
[Result "0-1"]
[WhiteElo "2059"]
[BlackElo "2511"]

1.c4 b6 2.Nc3 Bb7 3.d4 e6 4.Nf3 Nf6 5.g3 Bb4 6.Bg2 O-O 7.O-O Bxc3 8.bxc3 d6
9.Bg5 h6 10.Bxf6 Qxf6 11.Nd2 Bxg2 12.Kxg2 e5 13.e3 Qe6 14.Qf3 Nd7 15.Qc6 Rac8
16.a4 a5 17.Rae1 f5 18.Qd5 Qxd5+ 19.cxd5 Nf6 20.c4 Rce8 21.h3 Rf7 22.f4 exd4
23.exd4 Rfe7 24.Rxe7 Rxe7 25.Kf2 Ne4+ 26.Nxe4 Rxe4 27.Rd1 Kf7 28.Rd3 g5
29.fxg5 hxg5 30.Rd1 f4 31.gxf4 Rxf4+ 32.Kg2 Kg6 33.Rd3 Kf5 34.Rf3 Ke4 35.Rxf4+
Kxf4 36.Kf2 Ke4 37.Kg3 Kxd4 38.Kg4 Kxc4 39.Kxg5 b5 {#R} 0-1

[Event "Polar Capital Jersey Open"]
[Site "masterchessopen.com St Clement Bay JCI"]
[Date "2017.04.03"]
[Round "3.5"]
[White "Resnjanskij,D"]
[Black "Hillarp Persson,T"]
[Result "0-1"]
[WhiteElo "2042"]
[BlackElo "2503"]

1.d4 Nf6 2.c4 g6 3.f3 c5 4.d5 Bg7 5.Nc3 O-O 6.e4 d6 7.Bg5 h6 8.Be3 e6 9.Qd2
exd5 10.exd5 h5 11.O-O-O Re8 12.Bg5 a6 13.h3 Nbd7 14.g4 Qa5 15.Kb1 b5 16.Ne4
Qxd2 17.Nxf6+ Bxf6 18.Bxd2 bxc4 19.Bxc4 Rb8 20.Bc1 Nb6 21.Bb3 a5 22.Rh2 Bd7
23.Bc2 a4 24.Re2 Nc4 25.Rxe8+ Bxe8 26.b3 axb3 27.Bxb3 Na5 28.Bd2 Nxb3 29.axb3
Rxb3+ {#R} 0-1

[Event "Polar Capital Jersey Open"]
[Site "masterchessopen.com St Clement Bay JCI"]
[Date "2017.04.03"]
[Round "4.1"]
[White "Rudd,J"]
[Black "Abbas,Daniel"]
[Result "1-0"]
[WhiteElo "2177"]
[BlackElo "2285"]

1.d4 Nf6 2.c4 e6 3.Nc3 Bb4 4.f3 d5 5.a3 Bxc3+ 6.bxc3 c5 7.e3 Nc6 8.cxd5 exd5
9.Bd3 O-O 10.Ne2 Re8 11.O-O cxd4 12.cxd4 Bd7 13.Ra2 Rc8 14.Ng3 Na5 15.Re2 Nc4
16.Qe1 Bb5 17.Qb4 Qb6 18.Nf5 Rc7 19.e4 a5 20.Qe1 Nd6 21.Bxb5 Nxf5 22.Bxe8 Nxd4
23.Be3 Nxe2+ 24.Qxe2 d4 25.Bxf7+ Kxf7 26.Bf2 Qc5 27.Qd3 Qc3 28.Qxd4 Qxa3 29.e5
Ne8 30.Qd5+ Kf8 31.h4 a4 32.Re1 Rc1 33.Rxc1 Qxc1+ 34.Kh2 Qf4+ 35.g3 Qf7 36.e6
Qf6 37.Qd7 Qg6 38.f4 Nf6 39.Qd6+ Kg8 40.f5 Qh5 41.Qb8+ Qe8 42.Qxb7 a3 43.Bd4
a2 44.Qb3 Qa8 45.e7+ Kh8 46.Bxf6 gxf6 47.Qf7 Qh1+ 48.Kxh1 a1=Q+ 49.Kh2 Qb2+
50.Kh3 {#r} 1-0

[Event "Polar Capital Jersey Open"]
[Site "masterchessopen.com St Clement Bay JCI"]
[Date "2017.04.03"]
[Round "4.3"]
[White "Hillarp Persson,T"]
[Black "Waddington,M"]
[Result "1-0"]
[WhiteElo "2503"]
[BlackElo "2061"]

1.d4 f5 2.Bg5 c6 3.e3 Qb6 4.Nd2 Qxb2 5.Rb1 Qc3 6.Bd3 d6 7.Ne2 Qa5 8.Nf4 g6
9.h4 e5 10.dxe5 dxe5 11.h5 exf4 12.exf4 Bg7 13.O-O Qc7 14.Re1+ Kf8 15.Qe2 Qd7
16.Nf3 Bc3 17.Ne5 Qe8 18.Nxg6+ Qxg6 19.hxg6 Bxe1 20.Rxe1 Nd7 21.Qe8+ {#r} 1-0

[Event "ch-GER Women 2017"]
[Site "masterchessopen.com Bad Wiessee GER"]
[Date "2017.04.03"]
[Round "4.4"]
[White "Schulze,Lara"]
[Black "Klotz,Sonja"]
[Result "1-0"]
[WhiteElo "2157"]
[BlackElo "2005"]

1.e4 c5 2.Nf3 d6 3.d4 cxd4 4.Nxd4 Nf6 5.Nc3 Nc6 6.Bg5 e6 7.Qd2 Be7 8.O-O-O O-O
9.h4 Nxd4 10.Qxd4 Qa5 11.Kb1 Rd8 12.Qd2 Qc7 13.Nb5 Qb6 14.f3 a6 15.Be3 Qc6
16.Nd4 Qc7 17.g4 b5 18.h5 Bb7 19.g5 Ne8 20.g6 Bf6 21.Bh3 Bxd4 22.Bxd4 e5
23.gxf7+ Kxf7 24.Be3 d5 25.Qf2 d4 26.Bg5 Nf6 27.Bf5 Bc8 28.Bxf6 Kxf6 29.Bxh7
Kf7 30.Qg3 Kf8 31.h6 Be6 32.Bg6 gxh6 33.Rxh6 Rac8 34.Qg2 Qc4 35.b3 Qc3 36.Bh5
Bg8 37.Rf6+ Ke7 38.Qg7+ {#r} 1-0

[Event "ch-GER Women 2017"]
[Site "masterchessopen.com Bad Wiessee GER"]
[Date "2017.04.03"]
[Round "4.5"]
[White "Frey,Al"]
[Black "Jussupow,N"]
[Result "1-0"]
[WhiteElo "2055"]
[BlackElo "2161"]

1.e4 c5 2.Nf3 d6 3.d4 cxd4 4.Nxd4 Nf6 5.Nc3 g6 6.Be3 Bg7 7.f3 a6 8.Qd2 Nbd7
9.O-O-O h5 10.Kb1 b5 11.Nd5 Nxd5 12.exd5 Bb7 13.Nb3 Nf6 14.Bd4 Rc8 15.g4 hxg4
16.fxg4 O-O 17.Bg2 Qc7 18.h4 Bxd5 19.Bxd5 Nxd5 20.Bxg7 Kxg7 21.Qxd5 Qxc2+
22.Ka1 Rc4 23.Rhg1 Qh2 24.h5 Rc2 25.Nd4 e6 26.Qe4 Rd2 27.hxg6 d5 28.Qe3 Rxb2
29.Nf5+ Kxg6 30.Ne7+ Kh7 31.Qd3+ f5 32.Rh1 Rxa2+ 33.Kb1 Rb2+ 34.Kc1 {#r} 1-0

[Event "ch-GER Women 2017"]
[Site "masterchessopen.com Bad Wiessee GER"]
[Date "2017.04.03"]
[Round "4.7"]
[White "Just,A"]
[Black "Zimmer,Elke"]
[Result "0-1"]
[WhiteElo "1971"]
[BlackElo "1938"]

1.e4 d6 2.d4 g6 3.Nc3 Bg7 4.f4 e6 5.Nf3 Ne7 6.Be3 b6 7.Bd3 Ba6 8.O-O Bxd3
9.Qxd3 Nd7 10.Ng5 O-O 11.f5 exf5 12.exf5 Nf6 13.fxg6 hxg6 14.d5 Qd7 15.Rf4 Nf5
16.Bd2 Rfe8 17.Raf1 Re5 18.Qh3 Rae8 19.Nf3 Nxd5 20.Rh4 Qc6 21.Nxe5 Qc5+ 22.Kh1
Nxh4 23.Nxf7 Qc4 24.g3 Nxc3 25.Bxc3 Qe4+ 26.Kg1 Bxc3 27.Nh6+ Kg7 28.Rf7+ Kxh6
29.bxc3 Qe3+ 30.Rf2 g5 31.Qg4 Rf8 32.Qe2 Qxf2+ 33.Qxf2 Rxf2 34.Kxf2 Nf5 35.Kf3
Kg6 36.Ke4 c6 37.Kf3 Kf6 38.Ke4 d5+ 39.Kf3 c5 40.g4 Nh4+ 41.Kf2 Ke5 42.Ke3 a6
43.Ke2 {#R} 0-1

[Event "ch-GER Women 2017"]
[Site "masterchessopen.com Bad Wiessee GER"]
[Date "2017.04.03"]
[Round "4.9"]
[White "Hielscher,U"]
[Black "Grund,Melanie"]
[Result "1-0"]
[WhiteElo "1796"]
[BlackElo "1804"]

1.d4 d5 2.c4 e6 3.Nc3 f5 4.Nf3 c6 5.Bg5 Nf6 6.e3 Bd6 7.cxd5 exd5 8.Bd3 O-O
9.Qc2 Qd7 10.Bxf6 Rxf6 11.Rc1 Rf8 12.Ne5 Bxe5 13.dxe5 b6 14.O-O Ba6 15.Bxa6
Nxa6 16.Ne2 c5 17.Rfd1 Qe6 18.Nf4 Qxe5 19.Rxd5 Qf6 20.Qc4 Qf7 21.Qxa6 g5
22.Rcd1 gxf4 23.Rd7 Qe6 24.Qb7 Qg6 25.R1d6 Qg5 26.exf4 Rfe8 27.Qd5+ Kh8 28.g3
Qh5 29.Qd2 Qf3 30.Rd3 Qg4 31.Qc3+ Kg8 32.h3 Qg6 33.R3d6 {#r} 1-0

[Event "ch-GER Women 2017"]
[Site "masterchessopen.com Bad Wiessee GER"]
[Date "2017.04.03"]
[Round "4.11"]
[White "Morosova,Svetlana"]
[Black "Roos,K"]
[Result "0-1"]
[WhiteElo "1674"]
[BlackElo "1836"]

1.d4 Nf6 2.e3 d6 3.Bd3 g6 4.f4 Bg7 5.Nf3 O-O 6.O-O c6 7.c3 Qc7 8.e4 c5 9.e5
Ne8 10.Be3 f5 11.dxc5 dxe5 12.Qb3+ e6 13.fxe5 Nc6 14.Bc4 Qe7 15.Ng5 Nc7 16.Nd2
Na5 17.Qb4 Nxc4 18.Nxc4 Nd5 19.Qb3 Nxe3 20.Nxe3 Qxg5 21.Rae1 Bd7 22.Nc4 Bc6
23.Rf2 Bd5 24.Qb4 Qe7 25.Nd6 Rfd8 26.c4 Bc6 27.Qd2 Qc7 28.b4 a6 29.Qc2 b6
30.cxb6 Qxb6 31.c5 Qxb4 32.Rb1 Qd4 33.Rb6 Ba4 34.Qb1 Bxe5 35.Rb4 Qd1+ 36.Qxd1
Bxd1 37.Rd2 Bc3 {#R} 0-1

[Event "ch-KAZ Women 2017"]
[Site "masterchessopen.com Almaty KAZ"]
[Date "2017.04.03"]
[Round "1.3"]
[White "Mukhit,Aisezym"]
[Black "Nakhbayeva,G"]
[Result "0-1"]
[WhiteElo "2016"]
[BlackElo "2304"]
[EventType "tourn"]

1.d4 Nf6 2.c4 e6 3.Nc3 Bb4 4.e3 b6 5.Bd3 Bb7 6.f3 c5 7.Ne2 O-O 8.O-O cxd4
9.exd4 d5 10.cxd5 Bxc3 11.bxc3 exd5 12.c4 Nc6 13.Bg5 h6 14.Bh4 Qd6 15.Rc1 dxc4
16.Bxc4 Rad8 17.Bf2 a6 18.Qd2 b5 19.Bd3 Rfe8 20.Rfd1 Nb4 21.Bb1 Nbd5 22.Ng3 b4
23.Ne4 Nxe4 24.Bxe4 Rxe4 25.fxe4 Nc3 26.Rxc3 bxc3 27.Qxc3 Bxe4 28.Rc1 Bb7
29.Qd2 Qd5 30.Be3 Re8 31.Re1 f5 32.Re2 Qe4 33.Kf1 Bd5 34.Qc1 f4 {#R} 0-1

[Event "ch-KAZ Women 2017"]
[Site "masterchessopen.com Almaty KAZ"]
[Date "2017.04.03"]
[Round "1.4"]
[White "Davletbayeva,M"]
[Black "Karabayeva,Z"]
[Result "1-0"]
[WhiteElo "2291"]
[BlackElo "2066"]
[EventType "tourn"]

1.e4 d5 2.exd5 Nf6 3.d4 Nxd5 4.c4 Nb6 5.Nc3 g6 6.Be3 Bg7 7.h3 O-O 8.Nf3 Nc6
9.Be2 Na5 10.b3 c5 11.Rc1 cxd4 12.Nxd4 e5 13.Ndb5 Bd7 14.O-O Nc6 15.Bc5 Re8
16.Bf3 f5 17.Bd5+ Nxd5 18.cxd5 Ne7 19.Nd6 b6 20.Nxe8 Qxe8 21.Bxe7 Qxe7 22.d6
Qf8 23.Nd5 Kh8 24.Ne7 Be6 25.Qe2 Rd8 26.Rfd1 e4 27.Rc7 Be5 28.Nc6 Bxd6 29.Nxd8
{#r} 1-0

[Event "ch-KAZ Women 2017"]
[Site "masterchessopen.com Almaty KAZ"]
[Date "2017.04.03"]
[Round "1.5"]
[White "Barmagambetova,Sakypzhama"]
[Black "Abdumalik,Z"]
[Result "0-1"]
[WhiteElo "1829"]
[BlackElo "2442"]
[EventType "tourn"]

1.e4 e6 2.d4 d5 3.Nc3 Nf6 4.Bg5 dxe4 5.Nxe4 Be7 6.Nxf6+ gxf6 7.Be3 b6 8.Bb5+
c6 9.Be2 Bb7 10.Qd2 Nd7 11.c3 Rg8 12.Bf3 f5 13.Bf4 Nf6 14.Ne2 Qd7 15.Nc1 Ne4
16.Qe2 c5 17.Nb3 O-O-O 18.O-O-O Qa4 19.Kb1 Bd5 20.Nc1 Rd7 21.Be3 c4 22.Ka1 b5
23.Bxe4 fxe4 24.f3 f5 25.f4 a5 26.h3 b4 27.Bd2 b3 28.Be1 bxa2 29.Nxa2 Rxg2
30.Bf2 Bh4 31.Rdf1 e3 32.Qxe3 Bxf2 33.Rxf2 Rxf2 {#R} 0-1